| 000 | 00981cam a2200289 i 4500 | ||
|---|---|---|---|
| 999 |
_c150681 _d27535 |
||
| 001 | 150681 | ||
| 003 | TR-AnTOB | ||
| 005 | 20240112095354.0 | ||
| 007 | ta | ||
| 008 | 080509s1971 tu 000 0 tur d | ||
| 040 |
_aTR-AnTOB _beng _erda _cTR-AnTOB |
||
| 041 | 0 |
_atur _aeng _ager _afre |
|
| 050 | _aKKX3407 | ||
| 090 | _aKKX3407 | ||
| 099 | _aTOBB DIS 1971 | ||
| 245 | 1 | 0 |
_aDış ticaret işlerine dair sirküler = _bCircular notice on foreign trade = Circulaire concernant les affaires du commerce exterieur = Aussenhandels - zırkular. |
| 264 | 1 |
_aAnkara : _bTürkiye Ticaret Odaları, Sanayi Odaları ve Ticaret Borsaları Birliği, _c1971. |
|
| 300 |
_a39 pages ; _c24 cm |
||
| 336 |
_atext _btxt _2rdacontent |
||
| 337 |
_aunmediated _bn _2rdamedia |
||
| 338 |
_avolume _bnc _2rdacarrier |
||
| 650 | 7 |
_aDış ticaret yönetmeliği _zTürkiye _2etuturkob _919090 |
|
| 902 | _aTA02292( 014098) | ||
| 903 | _aTOBB Yayınları Arşivi | ||
| 942 |
_2lcc _cBK |
||